书目信息

书名: 生理学 
作者: 宜昌医学专科学校 主编
出版信息: 北京   人民卫生出版社  1981.01
开本页数: 26cm  274页
丛书名:
单 册:
中图分类: R
科图分类:
主题词: 医药学
电子资源:
ISBN:
000 00594nam0 2200205 450
001 0656280656
005 20060322103645.00
010    @dCNY1.40
100    @a20060309d1981 km y0chiy0120 ea
101 @achi
102    @aCN@b110000
200 @a生理学@Asheng li xue@f宜昌医学专科学校主编@Fyi chang yi xue zhuan ke xue xiao zhu bian
210    @a北京@c人民卫生出版社@d1981.01
215    @a274页@d26cm
300    @a供医学专业用
606 @a医药学
690    @aR@v4
711  0 @a宜昌医学专科学校@Ayi chang yi xue zhuan ke xue xiao@4主编
801  0 @aCN@bNISOFT@c20060322
905    @a10447@dR@e386
    
    生理学/宜昌医学专科学校主编.-北京:人民卫生出版社,1981.01
    274页;26cm
    供医学专业用
    
    ISBN :CNY1.40
    
相关链接 在五车中查询图书 在当当中查询图书 在豆瓣中查询图书


正题名:生理学     索取号:R/386         预约/预借

序号 登录号 条形码 馆藏地/架位号 状态 备注
1 104981   201049819   海科密-1楼/50架4列7层/ [索取号:R/386] 在馆    
2 95751   200957517   海科密-1楼/50架4列7层/ [索取号:R/386] 在馆    
3 95752   200957526   海科密-1楼/50架4列7层/ [索取号:R/386] 在馆    
4 98787   200987879   海科密-1楼/50架4列7层/ [索取号:R/386] 在馆